Treasures of the thunder dragon a Portrait of Bhutan

Author's memoir of travelogue with the historical and cultural description of Bhutan.

में बचाया:
ग्रंथसूची विवरण
मुख्य लेखक: Wangchuck, Ashi Dorji Wangmo
स्वरूप: पुस्तक
भाषा:Vietnamese
प्रकाशित: New Delhi Penguin Viking 2006
विषय:
टैग : टैग जोड़ें
कोई टैग नहीं, इस रिकॉर्ड को टैग करने वाले पहले व्यक्ति बनें!
Thư viện lưu trữ: Thư viện Trường Đại học Nam Cần Thơ
LEADER 00799nam a22001937a 4500
001 NCT_149198
008 230427b xxu||||| |||| 00| 0 vie d
999 |c 7692  |d 7692 
020 |c sách tặng 
082 0 4 |2 23rd ed.  |a 813.54  |b W246 
100 1 |a Wangchuck, Ashi Dorji Wangmo 
245 |a Treasures of the thunder dragon  |b a Portrait of Bhutan  |c Ashi Dorji Wangmo Wangchuck 
260 |a New Delhi  |b Penguin Viking  |c 2006 
300 |a 216 p.  |b ill  |c 24cm 
520 3 |a Author's memoir of travelogue with the historical and cultural description of Bhutan. 
653 |a Tham khảo 
942 |2 ddc  |c BK 
952 |0 0  |1 0  |2 ddc  |4 0  |6 813_540000000000000_W246  |7 0  |9 27552  |a 000001  |b 000001  |d 2023-04-27  |o 813.54 W246  |p TK.03281  |r 2023-04-27  |w 2023-04-27  |y BK 
980 |a Thư viện Trường Đại học Nam Cần Thơ